Practical bricklaying, (Record no. 549042)
[ view plain ]
| 000 -LEADER | |
|---|---|
| fixed length control field | 00583cam a22001691 4500 |
| 082 ## - DEWEY DECIMAL CLASSIFICATION NUMBER | |
| Classification number | 693.21 |
| Author Mark | BRI |
| -- | L-14, P-59 |
| 100 1# - MAIN ENTRY--PERSONAL NAME | |
| Personal name | Briggs, Howard L. |
| 9 (RLIN) | 45553 |
| 245 10 - TITLE STATEMENT | |
| Title | Practical bricklaying, |
| Remainder of title | a handbook of instruction and manual for the journeyman, |
| Statement of responsibility, etc. | by Howard L. Briggs ... rev. and enl. by William Carver ... |
| 250 ## - EDITION STATEMENT | |
| Edition statement | 1st ed. |
| 260 ## - PUBLICATION, DISTRIBUTION, ETC. | |
| Place of publication, distribution, etc. | New York, |
| Name of publisher, distributor, etc. | McGraw-Hill, |
| Date of publication, distribution, etc. | 1924. |
| 300 ## - PHYSICAL DESCRIPTION | |
| Extent | ix, 223 p. |
| Other physical details | incl. |
| Dimensions | 20 cm. |
| 526 ## - STUDY PROGRAM INFORMATION NOTE | |
| Program name | 0 |
| Interest level | 0 |
| Reading level | 0 |
| Title point value | 693_210000000000000_BRI |
| 650 #0 - SUBJECT ADDED ENTRY--TOPICAL TERM | |
| Topical term or geographic name entry element | Bricklaying. |
| 9 (RLIN) | 45554 |
| 650 #0 - SUBJECT ADDED ENTRY--TOPICAL TERM | |
| Topical term or geographic name entry element | MCE |
| 9 (RLIN) | 379 |
| 700 1# - ADDED ENTRY--PERSONAL NAME | |
| Personal name | Carver, William, |
| 9 (RLIN) | 45555 |
| 942 ## - ADDED ENTRY ELEMENTS (KOHA) | |
| Source of classification or shelving scheme | |
| Koha item type | Book |
| Withdrawn status | Lost status | Source of classification or shelving scheme | Damaged status | Not for loan | Permanent Location | Current Location | Date acquired | Total Checkouts | Full call number | Barcode | Date last seen | Price effective from | Koha item type |
|---|---|---|---|---|---|---|---|---|---|---|---|---|---|
| Military College of Engineering (MCE) | Military College of Engineering (MCE) | 09/15/2014 | 693.21 BRI | MCE-775 | 09/15/2014 | 09/15/2014 | Book |
